| 000 | 00494nam a2200145 a 4500 | ||
|---|---|---|---|
| 001 | 000028445 | ||
| 005 | 20200930054940.0 | ||
| 008 | 110408s2004 dr 000 0 spa d | ||
| 040 |
_aDO-SdBNP _bspa _cBNPHU |
||
| 110 | 2 |
_aRepública Dominicana _bSecretaría de Estdo de Medio Ambiente y Recursos Naturales _955392 |
|
| 245 | 1 | 0 | _aPrograma de calidad del aire y control de emisiones /. |
| 260 |
_aSanto Domingo : _bEditorial la Unión, _c2004. |
||
| 300 |
_a30 p. : _bil. ; _c21 cm. |
||
| 049 | _aBNPD | ||
| 999 |
_c27937 _d27937 |
||